| 000 | 00891cam a2200253 a 4500 | ||
|---|---|---|---|
| 001 | 000011778 | ||
| 005 | 20200929162548.0 | ||
| 008 | 760311s1972 sp b 001 0 spa | ||
| 015 | _aSp72-July/Aug | ||
| 040 |
_aDO-SdBNP _bspa _cDLC _dBNPHU |
||
| 082 |
_a372.6 _bG474e |
||
| 100 | 1 |
_aGili Gaya, Samuel. _d1892-1976 _927860 |
|
| 245 | 1 | 0 |
_aEstudios de lenguaje infantil / _cSamuel Gili Gaya. |
| 260 |
_aBarcelona, (España) : _bBibliograf., _c1972. |
||
| 300 |
_a170 p. ; _c23 cm. |
||
| 500 | _aLibro conmemorativo del año internacional del libro. | ||
| 500 | _aA la cabeza del título: Vox. | ||
| 500 | _aNombre del autor en T.P.: Samuel Gili Gaya. | ||
| 504 | _aIncluye referencias bibliográficas: p. [173] -174. | ||
| 650 | 4 |
_aLenguaje de los niños. _927861 |
|
| 650 | 4 |
_aComunicación interpersonal en niños _927862 |
|
| 910 | _aCatalogación por copia / LC | ||
| 049 | _aBNGR | ||
| 999 |
_c11452 _d11452 |
||